000 00428nam a2200133Ia 4500
008 170516s9999 xx 000 0 und d
245 _aGeneration of a Focused Poly(amino ether) Library: Polymer-mediated Transgene Delivery and Gold-Nanorod based Theranostic Systems
260 _bTheranostics
260 _c2012
300 _a2:12
650 _xMedical Technology
650 _xMedtech
856 _uhttp://www.thno.org/v2i12
999 _c330285
_d330285